Celta de Vigo players (2010-2020) - Statistics

General Stats
  • This quiz has been taken 14 times
  • The average score is 36 of 110
Answer Stats
Rank Player Positions Nationality Matches Goals (assists) Period % Correct
2 Iago Aspas ST 262 128 (37) 2010-2013, 2015-2020
100%
6 Fabián Orellana RW 157 32 (37) 2011-2017
91%
1 Hugo Mallo RB 293 6 (19) 2010-2020
91%
16 Daniel Wass CM 103 9 (19) 2015-2018
82%
11 Sergi Gómez CB 111 1 (1) 2014-2018
82%
10 Augusto Fernández CM 114 10 (9) 2012-2016
73%
3 Gustavo Cabral CB 191 6 (4) 2012-2019
73%
13 Nolito LW 107 41 (23) 2013-2016, 2019-2020
73%
17 Rubén Blanco GK 102 0 (0) 2012-2013, 2014-2020
73%
56 Emre Mor RW 33 1 (3) 2017-2019
64%
4 Jonny Otto RB 183 3 (12) 2012-2018
64%
25 Maxi Gómez ST 71 31 (10) 2017-2019
64%
32 Néstor Araújo CB 66 4 (2) 2018-2020
64%
8 Pablo Hernández CM 118 8 (7) 2014-2018
64%
22 Santi Mina ST 84 15 (7) 2012-2015, 2019-2020
64%
21 Stanislav Lobotka DM 86 0 (1) 2017-2020
64%
14 Andreu Fontàs CB 105 2 (2) 2013-2018
55%
26 David Rodríguez ST 70 27 (2) 2010-2012, 2013-2014
55%
31 John Guidetti ST 66 11 (3) 2015-2018
55%
59 Joseph Aidoo CB 32 0 (1) 2019-2020
55%
35 Jozabed Sánchez CM 63 2 (6) 2016-2019
55%
92 Juan Hernández LW 5 0 (0) 2019-2020
55%
47 Marcelo Díaz DM 40 1 (3) 2015-2017
55%
12 Pione Sisto LW 110 12 (13) 2016-2020
55%
36 Rafinha AM 61 8 (8) 2013-2014, 2019-2020
55%
7 Sergio Álvarez GK 151 0 (1) 2010-2020
55%
27 Yoel Rodríguez GK 70 0 (0) 2010-2012, 2013-2014
55%
5 Álex López CM 160 17 (10) 2010-2015
45%
81 Borja Fernández CM 10 0 (0) 2014-2016
45%
20 Borja Oubiña DM 93 2 (0) 2010-2014
45%
66 Claudio Beauvue ST 23 2 (2) 2015-2017
45%
70 Gabriel Fernández ST 20 1 (1) 2019-2020
45%
99 Jacobo González RW 2 0 (0) 2019-2020
45%
53 Javi Varas GK 35 0 (0) 2012-2013
45%
18 Michael Krohn-Dehli CM 101 3 (16) 2012-2015
45%
9 Nemanja Radoja DM 115 1 (3) 2014-2018
45%
107 Néstor Díaz GK 1 0 (0) 2015-2016
45%
55 Sofiane Boufal LW 35 3 (3) 2018-2019
45%
95 Víctor Fernández LB 3 0 (0) 2010-2011
45%
65 Ander Murillo CB 23 0 (0) 2010-2011
36%
23 Brais Méndez AM 82 7 (11) 2017-2020
36%
62 Denis Suárez AM 26 1 (5) 2019-2020
36%
33 Facundo Roncaglia CB 65 2 (0) 2016-2019
36%
39 Fran Beltrán CM 58 2 (0) 2018-2020
36%
85 Iñigo López CB 9 1 (0) 2013-2014
36%
91 Iván Villar GK 5 0 (0) 2016-2017, 2019-2020
36%
73 Jeison Murillo CB 18 1 (0) 2019-2020
36%
45 Lucas Olaza LB 45 1 (7) 2018-2020
36%
89 Mathias Jensen CM 6 0 (0) 2018-2019
36%
40 Okay Yokuşlu DM 56 2 (2) 2018-2020
36%
80 Ryad Boudebouz AM 11 1 (2) 2018-2019
36%
38 Charles ST 58 15 (6) 2013-2015
27%
67 Chu-young Park ST 21 3 (1) 2012-2013
27%
64 David Juncà LB 24 0 (3) 2018-2020
27%
74 Fedor Smolov ST 14 2 (0) 2019-2020
27%
54 Joaquín Larrivey ST 35 11 (2) 2014-2015
27%
76 Lucas Boyé ST 13 0 (0) 2017-2018
27%
44 Natxo Insa CM 46 3 (0) 2011-2013
27%
19 Quique de Lucas AM 98 21 (13) 2010-2013
27%
37 Théo Bongonda RW 61 4 (5) 2014-2017
27%
30 Andres Tuñez CB 66 2 (1) 2010-2013
18%
63 Andrew Hjulsager AM 24 1 (3) 2016-2019
18%
43 Carles Planas LB 49 0 (4) 2014-2017
18%
46 David Costas CB 40 0 (1) 2013-2015, 2016-2017, 2018-2020
18%
96 David Goldar CB 2 0 (0) 2013-2014, 2015-2016
18%
105 Diego Alende CB 1 0 (0) 2015-2016
18%
79 Dimitrios Papadopoulos ST 11 0 (0) 2010-2011
18%
97 Emmanuel Apeh ST 2 0 (0) 2018-2019
18%
72 Giuseppe Rossi ST 18 4 (1) 2016-2017
18%
98 Iker Losada CF 2 1 (0) 2019-2020
18%
34 Jonathan Vila CM 65 0 (0) 2010-2014
18%
87 Jorge Sáenz CB 7 0 (0) 2019-2020
18%
86 Júnior Alonso CB 9 0 (0) 2018-2019
18%
69 Kevin Vázquez RB 21 0 (1) 2018-2020
18%
61 Levy Madinda AM 28 0 (2) 2012-2016
18%
60 Michu CF 32 6 (0) 2010-2011
18%
48 Pape Cheikh CM 38 1 (1) 2015-2017, 2019-2020
18%
94 Robert Mazan LB 3 0 (0) 2017-2019
18%
51 Roberto Trashorras CM 36 5 (0) 2010-2011
18%
110 Welliton ST 1 0 (0) 2013-2014
18%
90 Álvaro Lemos RB 5 1 (0) 2016-2017
9%
50 Aritz López Garai CM 36 0 (0) 2010-2011
9%
102 Borja Iglesias ST 1 0 (0) 2014-2015
9%
52 Carlos Bellvís LB 35 0 (0) 2011-2014
9%
28 Cristian Bustos CM 69 0 (0) 2010-2013
9%
49 Dani Abalo RW 37 3 (0) 2010-2012
9%
82 Danijel Pranjic LB 10 0 (0) 2012-2013
9%
103 Dani Molina CM 1 0 (0) 2017-2018
9%
42 David Català CB 55 3 (1) 2010-2012
9%
104 David Soto CB 1 0 (0) 2010-2011
9%
88 Dejan Drazic LW 6 0 (0) 2015-2016
9%
84 Dennis Eckert Ayensa ST 9 0 (0) 2018-2019
9%
75 Filip Bradaric DM 14 0 (0) 2019-2020
9%
106 Ikechi Anya LM 1 0 (0) 2010-2011
9%
57 Ismael Falcón GK 33 0 (0) 2010-2011
9%
29 Joan Tomás LW 67 10 (5) 2010-2013
9%
71 Jon Aurtenetxe CB 20 0 (1) 2013-2014
9%
68 Josep Señé AM 21 0 (3) 2015-2017
9%
93 Jota Peleteiro RW 4 0 (0) 2010-2011
9%
24 Mario Bermejo CF 81 13 (4) 2011-2014
9%
100 Mateo Míguez AM 2 0 (0) 2010-2011
9%
58 Oier Sanjurjo DM 33 0 (0) 2011-2012
9%
15 Roberto Lago LB 104 4 (4) 2010-2013
9%
108 Samuel Llorca CB 1 0 (0) 2012-2013
9%
109 Sergio Bermejo RW 1 0 (0) 2019-2020
9%
77 Sergio Ortega CB 13 0 (0) 2010-2011
9%
41 Toni Dovale RW 56 2 (12) 2011-2014
9%
78 Vadim Demidov CB 12 0 (0) 2012-2013
9%
101 Víctor Vázquez CB 2 0 (0) 2010-2011
9%
83 Wesley Hoedt CB 10 0 (0) 2018-2019
9%
No matching quizzes found
Score Distribution
Percent of People with Each Score
Percentile by Number Answered
Your Score History
You have not taken this quiz